2018 Hurling all stars - Statistics

General Stats
  • This quiz has been taken 4 times
  • The average score is 12 of 15
Answer Stats
Hint Answer % Correct
8 (Luimneach) Cian Lynch
100%
3 (Gaillimh) Daithí Burke
100%
9 (Corcaigh) Darragh Fitzgibbon
100%
6 (Luimneach) Declan Hannon
100%
1 (Cill Chainnigh) Eoin Murphy
100%
11 (Gaillimh) Joe Canning
100%
14 (an Clár) John Conlon
100%
13 (Corcaigh) Patrick Horgan
100%
12 (Corcaigh) Séamus Harnedy
100%
2 (Luimneach) Seán Finn
100%
7 (Luimneach) Dan Morrissey
67%
10 (an Clár) Peter Duggan
67%
15 (Luimneach) Graeme Mulcahy
33%
4 (Luimneach) Richie English
33%
5 (Gaillmh0 Páidraic Mannion
0%
No matching quizzes found
Score Distribution
Percent of People with Each Score
Percentile by Number Answered
Your Score History
You have not taken this quiz